Statistics for Title in the Lyrics -- Songs That Start With Y

Click here to take the quiz!

General Stats

  • This quiz has been taken 321 times
  • The average score is 8 of 15

Answer Stats

LyricsTitle% Correct
Look at the stars / Look how they shine for you / And everything you do / Yeah, they were all ______Yellow
84%
Shot through the heart and you're to blame / Darlin' ___ ____ ____ _ ___ ____You Give Love a Bad Name
82%
They have everything for you men to enjoy / You can hang out with all the boys / It's fun to stay at the ____YMCA
76%
We all live in a ______ _________Yellow Submarine
72%
_________, love was such an easy game to play / Now I need a place to hide away / Oh, I believe in _________Yesterday
68%
If you could see that I'm the one who understands you / Been here all along, so why can't you see? / ___ ______ ____ __You Belong With Me
60%
And you can tell everybody this is ____ ____ / It may be quite simple but now that it's doneYour Song
57%
___ ___ _ / Not even the Gods above / Can separate the two of usYou & I
46%
___ _____ __ __, so I can stand on mountains / ___ _____ __ __ to walk on stormy seasYou Raise Me Up
44%
I've been to the ____ ____ / Not much has changed but they live under water / And your great great great grand daughter / Is doing fineYear 3000
43%
___ _____ ______ ___ ____ ___ ____ / But if you try sometimes you just might find / You get what you needYou Can't Always Get What You Want
40%
______ _________, it's true / I saw your face in a crowded place / And I don't know what to do / 'Cause I'll never be with youYou're Beautiful
37%
He said that any love is good love / So I took what I could get / Yes, I took what I could get / And then she looked at me with them big brown eyes / And said / ___ _____ ____ _______ ___You Ain't Seen Nothing Yet
21%
When I say I love you you say you better / You better ___ ______ ___ ___You Better You Bet
15%
___ ___ ___ ________ __ __ ____ / That's why I'll always be around / You are the apple of my eye / Forever you'll stay in my heartYou Are the Sunshine of My Life
14%

Score Distribution

Percentile by Number Answered

Percent of People with Each Score

Your Score History

You have not taken this quiz